{"text_format":"3","workbook":"xlsx","n_sheets":1,"sheets":["Предмет"],"not_rendered":{"defined_names":8},"read":"whole","date_system":"1900"}

{"sheet":"Предмет","index":0,"n_rows":53,"n_cols":16,"rows_kept":53}
["№","СНИЛС","Фамилия","Имя","Отчество","Пол","Дата рождения","Участник с ОВЗ","Класс","Класс участия","Балл","Макс. Балл","Статус","Призер МЭ прошлого года","Учитель","Место работы учителя"]
[1,2,3,4,5,6,7,8,9,10,11,12,13,14,15,16]
[1,16563313972,"Нуруллина","София","Ильнаровна","ж","04/18/2011","нет",7,7,59,100,"победитель","-","Жаворонок Айгуль Рафильевна","МБОУ \"СОШ №28\" НМР РТ"]
[2,16367252883,"Искандаров","Фирдавс","Косимжанович","м","2010-06-12","нет",7,7,52,100,"участник","-","Жаворонок Айгуль Рафильевна","МБОУ \"СОШ №28\" НМР РТ"]
[3,17114058331,"Зинягина","Юлия","Евгеньевна","ж","2012-07-02","нет",7,7,47,100,"участник","-","Жаворонок Айгуль Рафильевна","МБОУ \"СОШ №28\" НМР РТ"]
[4,16683347907,"Набиев","Максим","Отабекович","м","2011-06-06","нет",7,7,42,100,"участник","-","Жаворонок Айгуль Рафильевна","МБОУ \"СОШ №28\" НМР РТ"]
[5,16909435806,"Истрафилова","Дарья","Евгеньевна","ж","10/31/2011","нет",7,7,37,100,"участник","-","Жаворонок Айгуль Рафильевна","МБОУ \"СОШ №28\" НМР РТ"]
[6,16540700144,"Шигапов","Нагим","Артурович","м","11/23/2010","нет",7,7,33,100,"участник","-","Жаворонок Айгуль Рафильевна","МБОУ \"СОШ №28\" НМР РТ"]
[7,16516587590,"Касимова","Нафиса","Рафоэлевна","ж","2011-07-03","нет",7,7,30,100,"участник","-","Жаворонок Айгуль Рафильевна","МБОУ \"СОШ №28\" НМР РТ"]
[8,16850826092,"Ашарапова","Милена","Анатольевна","ж","05/30/2011","нет",7,7,27,100,"участник","-","Жаворонок Айгуль Рафильевна","МБОУ \"СОШ №28\" НМР РТ"]
[9,16767122696,"Мелентьев","Арсений","Дмитриевич","м","07/14/2011","нет",7,7,14,100,"участник","-","Жаворонок Айгуль Рафильевна","МБОУ \"СОШ №28\" НМР РТ"]
[10,16426149060,"Димухаметов","Амир","Айдарович","м","01/20/2011","нет",7,7,11,100,"участник","-","Жаворонок Айгуль Рафильевна","МБОУ \"СОШ №28\" НМР РТ"]
[11,16208193148,"Фатхуллина","Зарина","Рамилевна","ж","08/25/2010","нет",8,8,51,100,"участник","-","Жаворонок Айгуль Рафильевна","МБОУ \"СОШ №28\" НМР РТ"]
[12,16256881997,"Басырова","Диана","Вадимовна","ж","09/28/2010","нет",8,8,45,100,"победитель","-","Жаворонок Айгуль Рафильевна","МБОУ \"СОШ №28\" НМР РТ"]
[13,15894049007,"Никитенко","Роман","Максимович","м","2010-10-02","нет",8,8,43,100,"участник","-","Жаворонок Айгуль Рафильевна","МБОУ \"СОШ №28\" НМР РТ"]
[14,16314348245,"Попова","Регина","Андреевна","ж","09/15/2010","нет",8,8,40,100,"участник","-","Жаворонок Айгуль Рафильевна","МБОУ \"СОШ №28\" НМР РТ"]
[15,16148472573,"Большагина","Ксения","Андреевна","ж","06/15/2010","нет",8,8,32,100,"участник","-","Жаворонок Айгуль Рафильевна","МБОУ \"СОШ №28\" НМР РТ"]
[16,15889456544,"Бичаева","Алина","Рамилевна","ж","2010-11-03","нет",8,8,31,100,"участник","-","Жаворонок Айгуль Рафильевна","МБОУ \"СОШ №28\" НМР РТ"]
[17,15801410836,"Хамидуллин","Айназ","Азаматович","м","02/25/2010","нет",8,8,28,100,"участник","-","Жаворонок Айгуль Рафильевна","МБОУ \"СОШ №28\" НМР РТ"]
[18,16394764711,"Зинягин","Олег","Евгеньевич","м","2010-03-05","нет",8,8,25,100,"участник","-","Жаворонок Айгуль Рафильевна","МБОУ \"СОШ №28\" НМР РТ"]
[19,15690235172,"Горина","Елизавета","Сергееана","ж","11/28/2009","нет",8,8,17,100,"участник","-","Жаворонок Айгуль Рафильевна","МБОУ \"СОШ №28\" НМР РТ"]
[20,16164148152,"Гапоненко","Анастасия","Вадимовна","ж","2010-05-08","нет",8,8,13,100,"участник","-","Жаворонок Айгуль Рафильевна","МБОУ \"СОШ №28\" НМР РТ"]
[21,19612388191,"Дустов","Мухаммад","Баходурович","м","09/27/2009","нет",9,9,55,100,"победитель","-","Жаворонок Айгуль Рафильевна","МБОУ \"СОШ №28\" НМР РТ"]
[22,15487273296,"Саттарова","Лейсан","Айратовна","ж","05/21/2009","нет",9,9,51,100,"участник","-","Жаворонок Айгуль Рафильевна","МБОУ \"СОШ №28\" НМР РТ"]
[23,15496393105,"Хисматуллина","Самира","Ильясовна","ж","03/23/2009","нет",9,9,47,100,"участник","-","Жаворонок Айгуль Рафильевна","МБОУ \"СОШ №28\" НМР РТ"]
[24,15749136394,"Кушаев","Фаиль","Ильнарович","м","2009-03-09","нет",9,9,41,100,"участник","-","Жаворонок Айгуль Рафильевна","МБОУ \"СОШ №28\" НМР РТ"]
[25,15780654597,"Калмынова","Ильвина","Артемовна","ж","2008-05-12","нет",9,9,33,100,"участник","-","Жаворонок Айгуль Рафильевна","МБОУ \"СОШ №28\" НМР РТ"]
[26,15614303337,"Яруллина","Эльвина","Дамировна","ж","09/18/2009","нет",9,9,32,100,"участник","-","Жаворонок Айгуль Рафильевна","МБОУ \"СОШ №28\" НМР РТ"]
[27,15544210341,"Портнова","Нелли","Николаевна","ж","04/15/2009","нет",9,9,25,100,"участник","-","Жаворонок Айгуль Рафильевна","МБОУ \"СОШ №28\" НМР РТ"]
[28,17258413881,"Буслаев","Андрей","Сергеевич","м","2008-12-12","нет",9,9,19,100,"участник","-","Жаворонок Айгуль Рафильевна","МБОУ \"СОШ №28\" НМР РТ"]
[29,15574837403,"Гайсин","Айнур","Рамисович","м","2009-01-08","нет",9,9,15,100,"участник","-","Жаворонок Айгуль Рафильевна","МБОУ \"СОШ №28\" НМР РТ"]
[30,18092611267,"Артемьев","Никита","Сергеевич","м","10/14/2008","нет",9,9,11,100,"участник","-","Жаворонок Айгуль Рафильевна","МБОУ \"СОШ №28\" НМР РТ"]
[31,16995726952,"Туртыгина","Анастасия","Викторовна","Ж","2011-12-27","нет",6,6,79,100,"победитель","нет","мискинова Айгуль Шавкатовна","МБОУ \"СОШ №28\" НМР РТ"]
[32,16946239007,"Сидоров","Даниил","Алексеевич","М","2011-11-18","нет",6,6,65,100,"призер","нет","Мискинова Айгуль Шавкатовна","МБОУ \"СОШ №28\" НМР РТ"]
[33,17099474613,"Кантонов","Максим","Русланович","М","2012-02-26","нет",6,6,59,100,"призер","нет","Мискинова Айгуль Шавкатовна","МБОУ \"СОШ №28\" НМР РТ"]
[34,17462930992,"Гудочкина","Оксана","Георгиевна","Ж","2012-11-09","нет",6,6,47,100,"участник","нет","Мискинова Айгуль Шавкатовна","МБОУ \"СОШ №28\" НМР РТ"]
[35,17282686904,"Хасаншин","Булат","Рамилевич","М","2012-07-05","нет",6,6,41,100,"участник","нет","Мискинова Айгуль Шавкатовна","МБОУ \"СОШ №28\" НМР РТ"]
[36,17462940187,"Ахунова","Элина","Рустемовна","Ж","2012-11-18","нет",6,6,39,100,"участник","нет","Мискинова Айгуль Шавкатовна","МБОУ \"СОШ №28\" НМР РТ"]
[37,17314681768,"Гилазутдинова","Самира","Альбертовна","Ж","2012-08-01","нет",6,6,35,100,"участник","нет","Мискинова Айгуль Шавкатовна","МБОУ \"СОШ №28\" НМР РТ"]
[38,17018875275,"Скворцова","Марина","Алексеевна","Ж","2012-01-10","нет",6,6,34,100,"участник","нет","Мискинова Айгуль Шавкатовна","МБОУ \"СОШ №28\" НМР РТ"]
[39,17376854920,"Дарьин","Артём","Николаевич","М","2012-09-19","нет",6,6,30,100,"участник","нет","Мискинова Айгуль Шавкатовна","МБОУ \"СОШ №28\" НМР РТ"]
[40,17247645891,"Евдокимов","Кирилл","Алексеевич","М","2012-06-01","нет",6,6,27,100,"участник","нет","Мискинова Айгуль Шавкатовна","МБОУ \"СОШ №28\" НМР РТ"]
[41,17371472376,"Сагитова","Арина","Тимуровна","Ж","2012-09-13","нет",6,6,25,100,"участник","нет","Мискинова Айгуль Шавкатовна","МБОУ \"СОШ №28\" НМР РТ"]
[42,15597143902,"Васильев","Богдан","Ильнурович","М",39752,"нет",10,10,49,100,"участник","нет","Мискинова Айгуль Шавкатовна","МБОУ \"СОШ №28\" НМР РТ"]
[43,16143224832,"Тараторин","Данил","Валентинович","М",39478,"нет",10,10,68,100,"победитель","нет","Мискинова Айгуль Шавкатовна","МБОУ \"СОШ №28\" НМР РТ"]
[44,15167560569,"Шуклин","Александр","Дмитриевич","М",39471,"нет",10,10,38,100,"участник","нет","Мискинова Айгуль Шавкатовна","МБОУ \"СОШ №28\" НМР РТ"]
[45,15803227956,"Мапин","Никита","Дмитриевич","М",39486,"нет",10,10,31,100,"участник","нет","Мискинова Айгуль Шавкатовна","МБОУ \"СОШ №28\" НМР РТ"]
[46,15258249979,"Сагутдинов","Айзат","Ниязович","М",39680,"нет",10,10,28,100,"участник","нет","Мискинова Айгуль Шавкатовна","МБОУ \"СОШ №28\" НМР РТ"]
[47,15231815636,"Щепин","Мирослав","Валерьевич","М",39733,"нет",10,10,25,100,"участник","нет","Мискинова Айгуль Шавкатовна","МБОУ \"СОШ №28\" НМР РТ"]
[48,15919070083,"Шакурова","Ралина","Ленаровна","Ж",39564,"нет",10,10,24,100,"участник","нет","Мискинова Айгуль Шавкатовна","МБОУ \"СОШ №28\" НМР РТ"]
[49,15167884797,"Пологова","Виолетта","Евгеньевна","Ж",39606,"нет",10,10,22,100,"участник","нет","Мискинова Айгуль Шавкатовна","МБОУ \"СОШ №28\" НМР РТ"]
[50,15530775060,"Зайнуллина","Аделина","Раиловна","Ж",39682,"нет",10,10,20,100,"участник","нет","Мискинова Айгуль Шавкатовна","МБОУ \"СОШ №28\" НМР РТ"]
[51,15064681256,"Ермолаева","Аиша","Владиславовна","Ж",39560,"нет",10,10,19,100,"участник","нет","Мискинова Айгуль Шавкатовна","МБОУ \"СОШ №28\" НМР РТ"]